000 00508nam a2200157Ia 4500
008 220216s9999 xx 000 0 und d
100 _aThankamma L
245 0 _aGermination of oospores formed by inter specific mating of P. palmivora (Butl.) Butl and P. meadii Mc Rae causing abnormal leaf fall disease of rubber in India
260 _bRubber Board Bulletin
_c1969
300 _a197-199
650 _aAbnormal leaf fall
650 _aIndia
650 _aP. palmivora
650 _aRubber
942 _cJS
999 _c59932
_d59932